00578nam a2200193Ia 450000500170000000800410001702000180005804000190007604100120009508200150010710000240012224500290014626000530017530000110022850400180023965000740025765100430033185000100037420230216143215.0131103s9999 xx 000 0 und d a0-8018-1778-1 aLoreto College aEnglish a820.9bZAC aZacher, Christian K aCuriosity and pilgrimage aLondonbThe Johns Hopkins University Pressc1976 a196p.  aIncluds index aEnglish literature - Middle English,1100 - 1500-History and criticism aPilgrims and pilgrimages in literature aLCLIB